Представление документа в формате RUSMARC

ПолеНазваниеЗначение
  Тип записи a
  Библиографический уровень m
001 Контрольный номер RU/SLIB/B/208789667
005 Дата корректировки 20201206204414.1
010 Индекс ISBN __
a ISBN 5-8183-0209-1
d Цена 109-50
101 Язык документа __
a Язык текста rus
c Язык оригинала rus
200 Заглавие и сведения об ответственности 0_
a Заглавие Энциклопедия имен
f Первые сведения об ответственности Б. Ю. Хигир
b Общее обозначение материала Текст
210 Выходные данные __
a Место издания М.
c Издательство Гранд
c Издательство ФАИР-ПРЕСС
d Дата издания 2006
215 Физическое описание __
a Объем 517 с., [2] с.
330 Аннотация __
a Аннотация О влиянии имени на характер, здоровье, благосостояние, карьеру.
606 Тематические рубрики __
a Основная рубрика Религия. Мистика. Свободомыслие
606 Тематические рубрики __
a Основная рубрика Магия, мантика
610 Ключевые слова __
a Ключевые слова имена; толкование имен; отчества; характеры; профессии; мужские имена; женские имена
686 Индексы других классификаций __
a Классификационный индекс 86.41я2; ст86.41я2
700 Автор _1
a Фамилия Хигир
b Имя Б. Ю.
g Полное личное имя Борис Юзикович
4 Код отношения 070
801 Источник записи _0
a Страна RU
b Организация Муниципальное бюджетное учреждение культуры "Централизованная библиотечная система" г. Сургут (Центральная городская библиотека им. А. С. Пушкина)
g Правила каталогизации КиК/Поспелова
801 Источник записи _1
a Страна RU
b Организация Муниципальное бюджетное учреждение культуры "Централизованная библиотечная система" г. Сургут (Центральная городская библиотека им. А. С. Пушкина)
g Правила каталогизации КиК/Поспелова
852 Данные о местонахождении __
j Шифр хранения 86.41я2
c Каталожный индекс 86.41я2
i Авторский знак Х 42
901 Тип документа __
t Тип документа m
903 Характеристики (МАРС) __
a Дата передачи 20060619
969 Тип издания __
a Тип издания энциклопедия
990 Данные о заказе (DOS) __
j Количество экземпляров (DOS) 5
t N записи в КСУ для И/У (DOS) 200607